| 000 | 01111cam a2200217 4500 | ||
|---|---|---|---|
| 001 | WB@3612-448 | ||
| 008 | 040729n2004 000 0 eng u | ||
| 035 | _a(Sirsi) u126973 | ||
| 245 | _aNationwide counters trend | ||
| 260 | _c2004 | ||
| 490 |
_aNationwide Press Release _v29 July 2004 (4) |
||
| 520 | _aContrary to other reports recently published, the latest "Nationwide monthly house price index" reports an acceleration in house prices again during July 2004, with prices rising 2.1%. This took the average price of a property up to £254 299. The regional growth pattern previously seen remains in place and London is also seeing an improved market with a modest resurgence in price growth. Concentrating on first-time buyers, many are now putting down deposits of at least £30 000. For the full report go to: http://www.nationwide.co.uk/hpi/Monthly.htm. | ||
| 590 | _aWB | ||
| 590 | _aWB | ||
| 650 | _aNATIONWIDE BUILDING SOCIETY | ||
| 650 | _aHOUSE PRICE SURVEYS | ||
| 650 | _aHOUSING MARKET SURVEYS | ||
| 650 | _aHOUSE PRICE INFLATION | ||
| 690 | _aHOUSING-HOUSE PRICES | ||
| 942 | _n0 | ||
| 999 |
_c117794 _d117794 |
||